| 000 | 00768nam a22002057a 4500 | ||
|---|---|---|---|
| 999 |
_c13055 _d13055 |
||
| 003 | AR-CdUCM | ||
| 008 | 190411b ||||| |||| 00| 0 spa d | ||
| 040 |
_aMUNICIPALIDAD PROVINCIAL DEL CUSCO _cBIBLIOTECA MUNICIPAL DEL CUSCO |
||
| 082 |
_aC / 377.5 / _bT33 |
||
| 100 |
_aTejada Rondón, Hernán _931241 |
||
| 245 | _aFinalidad educativa del arte / | ||
| 260 |
_aCuzco : _bLa Económica, _c1942. |
||
| 300 |
_a69 páginas ; _c19 cm. |
||
| 500 | _aTesis | ||
| 505 | _aContenido: Donde esta la génesis del arte -- Significación social del arte -- Condiciones sociales en que surge la tendencia del arte por el arte -- El arte y la belleza ... | ||
| 650 |
_aEducación artística _93589 |
||
| 650 |
_aArte _9561 |
||
| 942 |
_2ddc _cTESIS |
||
| 945 |
_aacv _d2019-04-11 |
||